00664nam a2200217Ia 450000500170000000800410001704000190005804100120007708200130008910000180010224500420012026000390016230000270020150400190022865000420024765100250028985000100031494200070032499900160033195200990034720231128094904.0131103s9999 xx 000 0 und d aLoreto College aEnglish a327bKHA aKhanna, V. N. aInternational relationscV. N. Khanna aNew DelhibVikas Publishingcc1996 avii,429 p.b ill.,maps aIncludes index aPolitics - International Relations -  aPolitical Science -  aLCLIB cBK c1373d51852 00102ddc4070aMAINbMAINd2013-11-04l0o327 KHA 38778pB2005r2013-11-04w2013-11-04yBKf